000 00992nam a22002177a 4500
005 20260304103424.0
008 240815b ||||| |||| 00| 0 eng d
082 _aDPer 155.205 J826 April-June 2020 v. 118 n. 4-6
100 _aAtherton, Olivia E.
_eauthor.
_957859
245 _aThe role of effortful control in the development of ADHD, ODD, and CD symptoms /
_cOlivia E. Atherton, Katherine M. Lawson, Emilio Ferrer, and Richard W. Robins.
260 _aWashington ;
_bAmerican Psychological Association ,
_cJune 2020.
300 _aVolume 118, pages 1226-1246 :
_billustration ;
_c28 cm.
500 _aJournal of Personality and Social Psychology, vol. 118, no. 6, pages 1226-1246, June 2020.
650 _aPsychology.
_960317
650 _aPersonality.
_960318
700 _aAtherton, Olivia E.
_eauthor.
_957859
700 _aLawson, Katherine M.
_eauthor.
_957860
700 _aFerrer, Emilio.
_eauthor.
_957861
700 _aRobins, Richard W.
_eauthor.
_957862
942 _2ddc
_cPER
999 _c20485
_d20485